| 000 | 00472nam a22001577a 4500 | ||
|---|---|---|---|
| 999 |
_c66236 _d66236 |
||
| 005 | 20181218130738.0 | ||
| 020 |
_a8177080024 _c380.00 |
||
| 035 | _aA-993298, A-993297 | ||
| 037 |
_aDPL _bENG |
||
| 100 | _aMathur, Vibha | ||
| 245 |
_aForeign trade in India : _bPolicy and developments 1950-2000 / _cby Vibha Mathur |
||
| 260 |
_aDelhi _bNew Century Publications _c2000 |
||
| 300 |
_axvi, 181p. _c20 cms. |
||
| 942 |
_2ddc _cEN _h382.0954 _mMAT |
||